000 00916nam a22002777a 4500
001 9019
003 FISKH
005 20251118090620.0
008 251114b cb ||||| |||| 00| 0 eng d
020 _a9780143795865
040 _aFISKH
_beng
_cFISKH
_dFISKH
050 _aPZ7.T478 N
082 _a741.5
100 _aThan, Gavin Aung
_eAuthor
245 _aSuper side kicks :
_bNo adults allowed /
_cby Gavin Aung Than
260 _aUK :
_bPuffin Books ,
_c2019
300 _a69 pages :
_billustrations ;
_c19 cm
490 _aSuper side kick :
_v#1
505 _aJ
520 _a"Feeling unappreciated by their superheroes, J.J. and his fellow sidekicks make their own crime-fighting team, and quickly learn they must defend the world from the evil Dr. Enok"--
521 8 _a450
_bLexile estimate
521 8 _aJ
_bRaz-Plus
650 _aComics
_vSuperheroes
942 _2ddc
_cBK
_n0
999 _c9019
_d9019